ბათუმის შოთა რუსთაველის სახელმწიფო უნივერსიტეტის ბიბლიოთეკა

თხზულებანი სამ ტომად:ტომი I:[ქართული ჟურნალისტიკა] (ბიბ.ჩანაწერი № 50635)

000 -LEADER
fixed length control field 01040nam a2200229Ia 4500
001 - CONTROL NUMBER
control field 17585
003 - CONTROL NUMBER IDENTIFIER
control field GE_BSU
008 - FIXED-LENGTH DATA ELEMENTS--GENERAL INFORMATION
fixed length control field 181216s||||||||xx |||||||||||||| ||und||
040 ## - CATALOGING SOURCE
Transcribing agency GE_BSU
080 ## - UNIVERSAL DECIMAL CLASSIFICATION NUMBER
Universal Decimal Classification number 070(479.22)
100 ## - MAIN ENTRY--PERSONAL NAME
Personal name მესხი,სერგეი
245 ## - TITLE STATEMENT
Title თხზულებანი სამ ტომად:ტომი I:[ქართული ჟურნალისტიკა]
245 ## - TITLE STATEMENT
Remainder of title ქართული ჟურნალისტიკა
245 ## - TITLE STATEMENT
Statement of responsibility, etc. შედგ.იოსებ ბოცვაძის მიერ,მისივე შენიშვნებით და კომენტარებით;რედ.:ვ. ჯავახაძე;მხატვ.:ირ.ჯანაშვილი
260 ## - PUBLICATION, DISTRIBUTION, ETC.
Place of publication, distribution, etc. თბილისი
260 ## - PUBLICATION, DISTRIBUTION, ETC.
Name of publisher, distributor, etc. საბჭ.საქართველო
260 ## - PUBLICATION, DISTRIBUTION, ETC.
Date of publication, distribution, etc. 1962
300 ## - PHYSICAL DESCRIPTION
Extent 491გვ.;21სმ
653 ## - INDEX TERM--UNCONTROLLED
Uncontrolled term თხზულებანი
653 ## - INDEX TERM--UNCONTROLLED
Uncontrolled term ქართული ჟურნალისტიკა
942 ## - ADDED ENTRY ELEMENTS (KOHA)
Koha item type წიგნი
ეგზემპლარები
Withdrawn status Lost status Damaged status Not for loan Date acquired Barcode Date last seen Price effective from Koha item type Public note
        2018-12-17 22367 2018-12-17 2018-12-17 წიგნი აგრარული ტექ.ფაკ.